000 01395naa a22003497a 4500
001 BR8401280
003 BR-BrBNA
005 20240918175422.0
007 ta
008 230509b bl.||||| |||| 00| 0 por d
040 _aBR-BrBNA
_bpor
_cBiblioteca Nacional de Agricultura
041 _a(Pt)
072 _aT00
_b3862
_bG514
090 _aT00 BR8401280
100 1 _aCeleghin, A.
100 1 _aIwanow, L.
111 1 _a2. Seminario Tecnico sobre Meio Ambiente
_cSao Paulo, SP (Brazil)
_d15-17 Aug 1983
245 1 _aA recuperacao de produtos como forma economica de controle da poluicao [residuo industrial, tratamento, custo operacional, Brasil]
246 1 _a[The recovery of products as an economic way for controlling pollution [industry residue, treatment, operational cost, Brazil]]
246 1 _a[Annals of the 2. Expert Seminar on Environment]
260 3 _aSao Paulo, SP (Brasil):
_c1983.
500 _aAnais do 2. Seminario Tecnico sobre Meio Ambiente Sao Paulo, SP (Brasil): 1983. p. 151-157 (BR8401280-AM)T00
650 _aPOLUICAO
650 _aRESIDUO INDUSTRIAL
650 _aPOLUENTE
650 _aTRATAMENTO
650 _aCUSTO OPERACIONAL
650 _aINVESTIMENTO
773 0 _tAnais do 2. Seminario Tecnico sobre Meio Ambiente
_wT00 BR8401280
_gSao Paulo, SP (Brasil), 1983. p. 151-157
909 _a202404
_bLucia
_c55
_dLucia Elande
942 _cAM
_2AGRIS
999 _c316608
_d316608